000 00528nam a2200217Ia 4500
003 OSt
005 20220928142730.0
006 a|||||r|||| 00| 0
007 ta
008 220927b |||||||| |||| 00| 0 eng d
024 _a20018
037 _cTextual
040 _aSDCL
_cSDCL
_beng
041 _2eng
_aeng
082 _aO15,1x, M2
100 _aSharma Shivdutt
_9503817
245 0 _aSufuratisapatshatee.
260 _c1982
942 _hO15,1x, M2
_cTEXL
_2CC
999 _c822159
_d822159